An introduction to the properties of engineering materials (Record no. 545000)

000 -LEADER
fixed length control field 00406nam a22001337a 4500
082 ## - DEWEY DECIMAL CLASSIFICATION NUMBER
Classification number 620.11
Author Mark PAS
-- D
100 ## - MAIN ENTRY--PERSONAL NAME
Personal name Pascoe, K.J
9 (RLIN) 40757
245 ## - TITLE STATEMENT
Title An introduction to the properties of engineering materials
Statement of responsibility, etc. Pascoe, K.J
260 ## - PUBLICATION, DISTRIBUTION, ETC.
Place of publication, distribution, etc. London
Name of publisher, distributor, etc. Blackie and son Ltd
Date of publication, distribution, etc. 1961
300 ## - PHYSICAL DESCRIPTION
Extent 295 p. :
Other physical details ill, ;
Dimensions 20 cm.
526 ## - STUDY PROGRAM INFORMATION NOTE
Program name 0
Interest level 0
Reading level 0
Title point value 620_110000000000000_PAS
650 ## - SUBJECT ADDED ENTRY--TOPICAL TERM
Topical term or geographic name entry element D (MCE)
9 (RLIN) 40349
942 ## - ADDED ENTRY ELEMENTS (KOHA)
Source of classification or shelving scheme
Koha item type Book
Holdings
Withdrawn status Lost status Source of classification or shelving scheme Damaged status Not for loan Permanent Location Current Location Date acquired Total Checkouts Full call number Barcode Date last seen Date last checked out Price effective from Koha item type
          Military College of Engineering (MCE) Military College of Engineering (MCE) 05/15/2014 1 620.11 PAS MCE-2442 05/20/2014 05/20/2014 05/15/2014 Book
© 2023 Central Library, National University of Sciences and Technology. All Rights Reserved.